| 000 | 01331nam a22003737a 4500 | ||
|---|---|---|---|
| 001 | 404 | ||
| 003 | FISKH | ||
| 005 | 20230822142009.0 | ||
| 008 | 230407b cb ||||| |||| 00| 0 eng d | ||
| 020 | _a9780590426909 | ||
| 040 |
_aDLC _cDLC _dDLC _dOCoLC _dDLC _dFISKH _beng |
||
| 042 | _alcac | ||
| 050 | 0 | 0 |
_aPZ7.W244 _bMv |
| 082 | 0 | 0 | _a823.912 |
| 100 | 1 |
_aWarner, Gertrude Chandler _d1890-1979. |
|
| 245 | 1 | 0 |
_aThe boxcar children / _cby Gertrude Chandler Warner : Illustrated by Kate Deal : |
| 250 | _aFirst Scholastic printing, September 1989 | ||
| 260 |
_aNew York : _c1942 _bScholastic. |
||
| 300 |
_a154 pages. _billusrations : _c20 cm. |
||
| 490 | 0 | _aThe Alden family mysteries | |
| 505 | _aK | ||
| 520 | _aFour orphans take shelter in an old boxcar during a storm, and, determined to make it their own, they turn it into a safe, cozy home. | ||
| 521 | 8 |
_a580
_bLexile |
|
| 521 | 8 |
_aK
_bRaz-Plus |
|
| 650 | 0 |
_aBoxcar children (Fictitious characters) _vJuvenile fiction. |
|
| 650 | 0 |
_aOrphans _vJuvenile fiction. |
|
| 650 | 0 |
_aFamilies _vJuvenile fiction. |
|
| 650 | 1 |
_aBrothers and sisters _vFiction. |
|
| 650 | 1 |
_aOrphans _vFiction. |
|
| 650 | 1 | _aMystery and detective stories. | |
| 655 | 7 |
_aDetective and mystery stories. _2gsafd |
|
| 906 |
_a7 _bcbc _corignew _d1 _eocip _f19 _gy-gencatlg |
||
| 942 |
_2ddc _cBK _n0 |
||
| 999 |
_c404 _d404 |
||